00659 2200241 4500001002100000005001700021008004100038020001800079035002500097040001200122082000800134084001800142090001800160100002400178245003600202250001100238260005100249300003700300500003100337650001600368850001200384990002100396INLIS00000000000175220150415165755.0  a979-420-898-1 a0010-021500000000036 aYOPDYOG a809 aDEP 809 Bur S aDEP 809 Bur S aBURHAN NURGIYANTORO aStilistikacBURHAN NURGIYANTORO aCet. 1 aYogyakartabGadjah Mada University Pressc2014 axiii, 404 hlm.b: ilus. ;c21 cm aBibliografi : hlm. 383-387 aGaya sastra aYOPDYOG aCB-D.11-2014-141